banner-ar

HANDBOOK OF ENVIRONMENTAL PHYSIOLOGY OF FRUIT CROPS VOL.1: TEMPERATE CROPS / (Record no. 10811)

MARC details
000 -الفاتح
حقل البيانات ثابتة الطول 00544nam a2200205Ia 4500
008 - عناصر البيانات ثابتة الطول - معلومات عامة
حقل البيانات ثابتة الطول 140319s9999 xx 000 0 eng d
040 ## - مصدر الفهرسة
وكالة الفهرسة الأصلية GCL /
وكالة النسخ GCL
082 04 - رقم تصنيف ديوى العشرى
رقم التصنيف 634
رقم المادة S H
100 1# - المدخل الرئيسى - إسم شخصى
الإسم الشخصى ANDERSEN, PETER
245 10 - بيان العنوان
العنوان HANDBOOK OF ENVIRONMENTAL PHYSIOLOGY OF FRUIT CROPS VOL.1: TEMPERATE CROPS /
بيان المسئوليه,etc ANDERSEN, PETER
700 1# - المدخل الاضافى - اسم شخصى
الإسم الشخصى SCHAFFER, BRUCE
260 ## - PUBLICATION, DISTRIBUTION, ETC. (IMPRINT)
تاريخ النشر أو التوزيع 1994
300 ## - الوصف المادى
التعداد 358 P
650 04 - المدخل الاضافى بالموضوع-مصطلح موضوعى
مصطلح موضوعي TEMPERATURE
650 04 - المدخل الاضافى بالموضوع-مصطلح موضوعى
مصطلح موضوعي FRUIT
650 04 - المدخل الاضافى بالموضوع-مصطلح موضوعى
مصطلح موضوعي CROPS
650 04 - المدخل الاضافى بالموضوع-مصطلح موضوعى
مصطلح موضوعي AGRICULTURE
942 ## - عناصر المدخل الإضافي( كوها)
مصدر التصنيف او مخطط الترفيف Dewey Decimal Classification
Koha [default] item type كتاب
260 ## - PUBLICATION, DISTRIBUTION, ETC. (IMPRINT)
-- [S.N] :
-- CRC PRESS ،
Holdings
حالة التراجع حالة الفقد حالة تلف ليس للاعارة المكان المؤقت الموقع الحالى تاريخ الاكتساب اجمالي اﻻعارات رقم الطلب الباركود تاريخ اخر مشاهدة تاريخ تفعيل السعر نوع وعاء كوها
        مكتبة القاهرة الكبرى مكتبة القاهرة الكبرى 03/26/2014   634\S H 21717 03/26/2014 03/26/2014 كتاب

Powered By

EGPV